Bankalar mevzuatındaki son değişiklikler ile bağımsız denetim esasları ve uygulamaları (Record no. 4072)

MARC details
000 -BAŞLIK
Sabit Uzunlukta Kontrol Alanı 01310na a2200277 4500
001 - KONTROL NUMARASI
Denetim Alanı 16276
003 - KONTROL NUMARASI IDENTIFIER
Denetim Alanı MIRAKIL
005 - SON İŞLEM TARİHİ VE ZAMANI
Denetim Alanı 20181213154952.0
008 - SABİT-BOY VERİ ELEMANLARI - GENEL BİLGİLER
Sabit Uzunlukta Kontrol Alanı 161003b tu 000 0
035 ## - SİSTEM KONTROL NUMARASI
Sistem Kontrol Numarası 16276
040 ## - KATALOGLAMA KAYNAK
Orijinal Kataloglama Ajansı Milas
Kataloglama Dili tur
Metne Dönüştürmek Ajansı TR-AnCHP
041 ## - DİL KODU
Metin / Ses Parça Veya Ayrı Başlığın Dil Kodu tur
082 ## - DEWEY ONLU SINIFLANDIRMA NUMARASI
Sınıflandırma Numarası 346.0820263
Ürün Numarası B25b 2002
090 ## - SINIFLAMA NUMARASI
Sınıflama Numarası 346.0820263 B25b 2002
111 ## - ANA GİRİŞ - TOPLANTI ADI
Giriş Elemanı Olarak Toplantı Adı Veya Yargı Alanı Adı Bankalar Mevzuatındaki Son Değişiklikler ile Bağımsız Denetim Esasları ve Uygulamaları
Toplantının Yeri Ankara
Toplantı Veya Antlaşma İmzalandığı Tarihi 2002
245 ## - BAŞLIK TABLOSU
Başlık Bankalar mevzuatındaki son değişiklikler ile bağımsız denetim esasları ve uygulamaları
Başlığın Kalan 02 Nisan 2002 Hilton-Ankara
Sorumluluk Tablosu, Vb [düzenleyen] TÜRMOB
246 ## - UNVAN FORM VARYING
Başlık Doğru / Kısa Başlığı Bankalar mevzuatındaki son değişiklikler ile bağımsız denetim esasları ve uygulamaları
260 ## - YAYIN, DAĞITIM, VB
Yayın, Dağıtım, Vb Yeri Ankara
Yayıncı, Dağıtıcı, Vs Adı Türkiye Serbest Muhasebeci Mali Müşavirler ve Yeminli Mali Müşavirler Odaları Birliği (TÜRMOB)
Yayın, Dağıtım, Vb Tarihi 2002
300 ## - FİZİKSEL TANIM
Kapsam 122 s.
Diğer Fiziksel Ayrıntıları fotğ.
Boyutlar 24 sm.
490 ## - SERİSİ TABLOSU
Seri Beyanı TÜRMOB yayınları
Hacim / Ardışık Tanımı 180
650 ## - KONU KATMA GİRİŞ - TOPİKAL DÖNEM
Topikal Süreli Veya Coğrafi Ad Giriş Elemanı Bankacılık hukuku
Genel Alt Bölümü Toplantılar
Coğrafi Alt Bölümü Türkiye
650 ## - KONU KATMA GİRİŞ - TOPİKAL DÖNEM
Topikal Süreli Veya Coğrafi Ad Giriş Elemanı Bankalar ve bankacılık
Genel Alt Bölümü Devlet denetimi
Kronolojik Alt Bölümü Toplantılar
Coğrafi Alt Bölümü Türkiye
650 ## - KONU KATMA GİRİŞ - TOPİKAL DÖNEM
Topikal Süreli Veya Coğrafi Ad Giriş Elemanı Bankalar ve bankacılık
Genel Alt Bölümü Hukuk ve mevzuat
Kronolojik Alt Bölümü Toplantılar
Coğrafi Alt Bölümü Türkiye
710 ## - KATMA GİRİŞ - KURUMSAL ADI
Giriş Elemanı Olarak Kurumsal Ad Veya Yargı Alanı Adı Türkiye Serbest Muhasebeci Mali Müşavirler ve Yeminli Mali Müşavirler Odaları Birliği (TÜRMOB)
942 ## - EKLENDİ GİRİŞ ELEMANLARI (KOHA)
Sınıflandırma Veya Raf Düzeni Kaynak Dewey Decimal Classification
Koha Öğesi Türü Books
999 ## - SİSTEM KONTROL NUMARALARI (KOHA)
Koha Biblionumber 4072
Koha Biblioitemnumber 4072
Holdings
Kalıcı Konum Mevcut Konum Edinme Tarihi Edinim Kaynak Toplam Check-Out'Lar Tam Çağrı Numarası Barkod Tarih Son Görülme İtibaren Geçerli Fiyatlar Koha Öğesi Türü Kopya Sayısı
CHP Kütüphanesi CHP Kütüphanesi 10/02/2016 Bağış   346.0820263 B25b 2002 005166 10/02/2016 10/02/2016 Books  
CHP Kütüphanesi CHP Kütüphanesi 10/02/2016 Bağış   346.0820263 B25b 2002 005167 10/02/2016 10/02/2016 Books k.2